Quiz Geografía - Puntos cardinales - Estadísticas

Estadísticas generales
  • Esta prueba ha sido intentada 161 veces
  • La puntuación promedio es 6 de 14
Estadísticas de respuestas
Pista Lugar % Correcto
Región balcánica que da nombre a la República de ____ del Norte y a dos regiones griegas Macedonia
90%
Ex colonia portuguesa independizada de Indonesia Timor Oriental
74%
País europeo cuyo nombre significaría "la ruta del Norte" Noruega
72%
Nación constitutiva del Reino Unido Irlanda del Norte
60%
Región dividida entre una república rusa (____ del Norte) y una región georgiana (____ del Sur) Osetia
55%
País sudamericano que en su nombre oficial tiene un punto cardinal República Oriental del Uruguay
53%
Nombra uno de los tres archipiélagos del Atlántico Sur que llevan su nombre en honor a islas escocesas, a las cuales les agregaron "del Sur" en el nombre Georgias/Orcadas/Sandwich
42%
Varios estados de EEUU tienen puntos cardinales, pero sólo este tiene un punto que no es ni Norte ni Sur Virginia del Oeste
41%
Región turcofílica de una isla mediterránea cercana a Líbano e Israel Chipre del Norte
40%
En Chequia, esta región geográfica da nombre a dos regiones administrativas, ___ Central y ___ Meridional Bohemia
31%
Estado brasileño limítrofe con Uruguay Río Grande del Sur
23%
Estado mexicano, el único que tiene límites con un solo estado Baja California Sur
16%
Uno de los nombres utilizados (en inglés) para referirse a la región palestina de Cisjordania West Bank
16%
Región francesa que contiene las ciudades de Strasbourg y Mulhouse Gran Este
15%
No se encontraron pruebas coincidentes
Distribución de puntuación
Porcentaje de gente con cada puntuación
Porcentaje por número respondido
Historial de tus puntuaciones
No has intentado esta prueba.